Vista normal
Vista MARC
Entrada Personal Name
Número de registros utilizados en: 1
001 - CONTROL NUMBER
- control field: 6400
003 - CONTROL NUMBER IDENTIFIER
- control field: OSt
005 - DATE AND TIME OF LATEST TRANSACTION
- control field: 20180716124650.0
008 - FIXED-LENGTH DATA ELEMENTS
- fixed length control field: 851108n| acannaabn |a aaa
010 ## - LIBRARY OF CONGRESS CONTROL NUMBER
- LC control number: 85823981
035 ## - SYSTEM CONTROL NUMBER
- System control number: (OCoLC)oca01431025
035 ## - SYSTEM CONTROL NUMBER
- System control number: (DLC)n 85823981
040 ## - CATALOGING SOURCE
- Original cataloging agency: DLC
- Language of cataloging: eng
- Transcribing agency: DLC
- Modifying agency: DLC
- Modifying agency: OCoLC
- Modifying agency: CSt
- Modifying agency: Mx-PuUPA
053 #0 - LC CLASSIFICATION NUMBER
- Classification number element--single number or beginning number of span: PQ7298.3.R3
100 1# - HEADING--PERSONAL NAME
- Personal name: Trasviña Taylor, Armando,
375 ## - GENDER
- Gender: Hombre
377 ## - ASSOCIATED LANGUAGE
- Language code: spa
- Source of code: MARC code list for languages
400 1# - SEE FROM TRACING--PERSONAL NAME
- Personal name: Taylor, Armando Trasviña
670 ## - SOURCE DATA FOUND
- Source citation: nuc85-70728: Author's Loreto, madre y cuna de las Californias, 197-
- Information found: (hdg. on CNoS rept.: Trasviña Taylor, Armando; usage: Armando Trasviña Taylor)
670 ## - SOURCE DATA FOUND
- Source citation: Biblioteca del congreso (Estados Unidos), 17 enero de 2018:
- Information found: catálogo electrónico
- Uniform Resource Identifier: https://goo.gl/gDy21k